Pro libertate ac salute Gallici imperii votum : ad augustissimæ memoriæ Henricum magnum Franciæ & Nauarræ regem Christianissimum.

Bibliographic Details
Other Authors: Dorléans, Louis, 1542-1629, Henry IV, King of France, 1553-1610
Format: Book
Language:Latin
Published: [Place of publication not identified] : [publisher not identified],], [S.l.] : MDCXI [1611]
Subjects:

MARC

Tag First Indicator Second Indicator Subfields
LEADER 00000cam a2200000Ma 4500
001 in00003489331
005 20151206123059.0
008 900820s1611 xx 000 0 lat d
026 |e m,r, s.bi tam. iais (C) 1611 (R)  |2 fei 
035 |a (OCoLC)ocn822654226 
035 |a (OCoLC)822654226 
040 |a PAU  |c PAU  |d OCLCO  |d TXA  |d UtOrBLW 
049 |a TXAM 
090 |a BX3702.A2  |b P76 1611 
245 0 0 |a Pro libertate ac salute Gallici imperii votum :  |b ad augustissimæ memoriæ Henricum magnum Franciæ & Nauarræ regem Christianissimum. 
246 3 |a Pro libertate ac salute Gallici imperii votvm 
264 1 |a [Place of publication not identified] :  |c [S.l.] :  |b [publisher not identified],],  |c MDCXI [1611] 
300 |c 11, [1] pages ;  |c 20 cm. (quarto) 
336 |a text  |b txt  |2 rdacontent 
337 |a unmediated  |b n  |2 rdamedia 
338 |a volume  |b nc  |2 rdacarrier 
500 |a Signatures: A⁴ B². 
500 |a This anti-Jesuit pamphlet is signed on page 10 "L. Au. Versus, Francus", which is likely a pseudonym for Louis Dorléans. 
500 |a On page 11 is an attack in verse on Pierre Coton. 
500 |a This pamphlet is cited as among those originally published between September and December 1610. Cf. Journal de l'Estoile III. 206 (Paris, 1962). 
500 |a Woodcut title vignette; head-pieces; initials. 
500 |a The Cushing Library/Rare Books copy is bound with Von der Jesuiten wider könig- und fürstliche-Personen abschewliche hochgefährliche practiken Anschlägen und Thaten ... Hanau : T. Willier, 1611 -- Von der Jesuiter Sect, das ist, Kurtzer / Étienne Pasquier.Hanaw, 1611 -- Conclave Ignati. [Hanau? : Apud Thomam Villerianum?, 1611?] -- Simonia Curiæ Romanæ. Francofurti : In bibliopolio Biermanniano, 1612. |5 TXA 
610 0 |a Jesuits  |x Early works to 1800. 
650 4 |a CHR 1611. 
700 1 |a Dorléans, Louis,  |d 1542-1629. 
700 0 |a Henry  |b IV,  |c King of France,  |d 1553-1610. 
948 |a cataloged  |b h  |c 2014/10/1  |d c  |e lschille  |f 2:26:27 pm 
994 |a C0  |b TXA 
999 |a MARS 
999 f f |s a69f6925-b93d-300f-8e02-e3a642e23c25  |i a9931530-6afa-3f64-b363-6544f65ca8d7  |t 0 
952 f f |p noncirc  |a Texas A&M University  |b College Station  |c Cushing Memorial Library & Archives  |d Cushing: Rare Books (Does not check out)  |t 0  |e BX3705.A2 D6 1611  |h Library of Congress classification  |i unmediated -- volume  |m A14853163053 
952 f f |a Texas A&M University  |b College Station  |c Cushing Memorial Library & Archives  |d Cushing: Rare Books (Does not check out)  |t 0  |e BX3705.A2 D6 1611  |h Library of Congress classification 
998 f f |a BX3705.A2 D6 1611  |t 0  |l Cushing: Rare Books (Does not check out)